Hellfest headliners - Statistiques

Statistiques générales
  • Ce quiz a été pris 22 fois
  • Le résultat moyen est 40 sur 74
Statistiques - réponses
Hint Réponse % Correct
2022 Metallica
100%
2024 Metallica
100%
2014 Iron Maiden
93%
2018 Iron Maiden
93%
2023 Iron Maiden
93%
2026 Iron Maiden
93%
2006 Korn
86%
2007 Korn
86%
2025 Korn
86%
2015 Slipknot
86%
2019 (Knotfest) Slipknot
86%
2023 Slipknot
86%
2026 Limp Bizkit
79%
2017 Linkin Park
79%
2025 Linkin Park
79%
2026 Bring Me The Horizon
71%
2025 Muse
71%
2011 Scorpions
71%
2015 Scorpions
71%
2022 Scorpions
71%
2025 Scorpions
71%
2026 The Offspring
71%
2024 Foo Fighters
64%
2011 Ozzy Osbourne
64%
2012 Ozzy Osbourne
64%
2014 Black Sabbath
57%
2016 Black Sabbath
57%
2010 Kiss
57%
2013 Kiss
57%
2019 Kiss
57%
2023 Kiss
57%
2016 Rammstein
57%
2020/2021 (Cancelled) System Of A Down
57%
2018 Avenged Sevenfold
50%
2024 Avenged Sevenfold
50%
2022 Gojira
50%
2009 Machine Head
50%
2024 Machine Head
50%
2009 Manowar
50%
2019 (Cancelled) Manowar
50%
2007 Megadeth
50%
2012 Megadeth
50%
2006 Motorhead
50%
2008 Motorhead
50%
2010 Alice Cooper
43%
2015 Faith No More
43%
2020/2021 (Cancelled) Faith No More
43%
2012 Guns N’ Roses
43%
2022 Guns N’ Roses
43%
2007 Slayer
43%
2008 Slayer
43%
2010 Deftones
36%
2020/2021 (Cancelled) Deftones
36%
2022 Deftones
36%
2022 Ghost
36%
2019 Sabaton
36%
2019 Tool
36%
2016 Twisted Sister
36%
2013 Volbeat
36%
2014 Aerosmith
29%
2017 Aerosmith
29%
2017 Deep Purple
29%
2013 Def Leppard
29%
2018 Judas Priest
29%
2009 Marilyn Manson
29%
2022 Nine Inch Nails
29%
2006 Dead Kennedys
21%
2011 Iggy Pop
21%
2009 Motley Crue
21%
2023 Motley Crue
21%
2008 Cavalera Conspiracy
14%
2007 Dream Theater
14%
2008 NOFX
14%
2008 Venom
14%
Aucun quiz correspondant
Distribution des résultats
% des personnes avec chaque résultat
Percentile par nombre de réponses
Votre historique - résultats
Vous n’avez pas pris ce quiz